LEADER 00723nam a2200217 i 4500 001 000000153081 003 CaOOAMICUS 005 20250825125631.0 008 061003n gw u000 u ger u 013 $a130422 040 $aSeMil$bita 245 10$aErster Teil. 260 $aLeipzig :$bReclam,$c[1919] 300 $a423 p. 773 0 $aDickens, Charles, <1812-1870>$tPickwickier.$dLeipzig : Reclam, 1919.$gTeil1$w()16488 850 $aSeMil 852 $aSeMil$W1$xVenegono$y1$m1W I 433$j105025$B105025$CSeMilBibl$Z2$F114987 $81 961 $aRecupero: Altro 996 $6245$aErster Teil$9(OLS)http://semarc/title/139075 996 $6260$aLeipzig :$bReclam$9(OLS)http://semarc/publisher/34416 LEADER 01356nam a2200277 4500 001 000000363504 003 CaOOAMICUS 005 20250707151136.0 008 250707s1841 it 000 u ita r 040 $aSeMil$bita 100 1 $aRosmini, Antonio,$c.$0(OLS)http://semarc/name/405 245 10$aAlcune affermazioni del signor Antonio Rosmini Serbati prete roveretano :$bcon un saggio di riflessioni /$cscritto da Eusebio Cristiano. 250 $aEdizione seconda 264 1$aLucca :$bTipografia di Luigi Guidotti,$c1841. 300 $a64 p. ;$c21 cm 650 4$aRosmini Serbati, Antonio - Scritti e discorsi.$0(OLS)http://semarc/subject/4522 700 1 $aCristiano, Eusebio.$0(OLS)http://semarc/name/122383 850 $aSeMil 852 $aSeMil$W1$xVenegono$y1$m5B VIII 5/20$j259226$B254344$CSeMilBibl$Z2$F254344 $8I 900 1 $aRosmini Serbati, Antonio. 961 $aRecupero da Biblioteca Mantegazza Seminario di Milano 961 $aTimbro della Biblioteca Mantegazza del Seminario di Milano 996 $6245$aAlcune affermazioni del signor Antonio Rosmini Serbati prete roveretano :$bcon un saggio di riflessioni$9(OLS)http://semarc/title/454702 996 $6264$aLucca :$bTipografia di Luigi Guidotti$9(OLS)http://semarc/publisher/54226